Production Management : BBA 4th SEM WB University of Technology / (Record no. 1146)

MARC details
000 -LEADER
Fixed length control field 00530nam a2200169 4500
003 - CONTROL NUMBER IDENTIFIER
Control field SEACOMMC
005 - DATE AND TIME OF LATEST TRANSACTION
Control field 20250508124912.0
008 - FIXED-LENGTH DATA ELEMENTS--GENERAL INFORMATION
Fixed length control field 250325b |||||||| |||| 00| 0 eng d
020 ## - INTERNATIONAL STANDARD BOOK NUMBER / ISBN
International Standard Book Number 978-81-272-4997-7
Price Rs.75.00
040 ## - CATALOGING SOURCE
Original cataloging agency SEACOMMC
082 ## - DEWEY DECIMAL CLASSIFICATION NUMBER
Classification number 658.5
Book Number S 531
100 ## - MAIN ENTRY--PERSONAL NAME
Personal name Sharma, Gagan Deep
245 1# - TITLE STATEMENT
Title Production Management : BBA 4th SEM WB University of Technology /
Statement of responsibility Gagan Deep Sharma [and] Mandeep Mahendru
260 ## - IMPRINT
Place of publication Kolkata
Name of publisher Kalyani Publishers
Date of publication c2009
650 ## - SUBJECT ADDED ENTRY--TOPICAL TERM
Topical term Production Management
942 ## - ADDED ENTRY ELEMENTS (KOHA)
Koha item type Books
Holdings
Withdrawn status Lost status Source of classification Damaged status Not for loan Home library Current library Shelving location Date acquired Total Checkouts Call number Accession number Date last seen Price effective from Koha item type Copy number
    Dewey Decimal Classification     SEACOM MANAGEMENT COLLEGE SEACOM MANAGEMENT COLLEGE Reference 10/02/2010   658.5 S 531 M-2639 25/03/2025 25/03/2025 Reference Books  
    Dewey Decimal Classification     SEACOM MANAGEMENT COLLEGE SEACOM MANAGEMENT COLLEGE   10/02/2010   658.5 S 531 M-2640 25/03/2025 25/03/2025 Books 1
    Dewey Decimal Classification     SEACOM MANAGEMENT COLLEGE SEACOM MANAGEMENT COLLEGE   10/02/2010   658.5 S 531 M-2641 25/03/2025 25/03/2025 Books 2
    Dewey Decimal Classification     SEACOM MANAGEMENT COLLEGE SEACOM MANAGEMENT COLLEGE   10/02/2010   658.5 S 531 M-2642 25/03/2025 25/03/2025 Books 3
    Dewey Decimal Classification     SEACOM MANAGEMENT COLLEGE SEACOM MANAGEMENT COLLEGE   10/02/2010   658.5 S 531 M-2643 25/03/2025 25/03/2025 Books 4
    Dewey Decimal Classification     SEACOM MANAGEMENT COLLEGE SEACOM MANAGEMENT COLLEGE   10/02/2010   658.5 S 531 M-2644 25/03/2025 25/03/2025 Books 5
© Seacom Engineering College, All rights reserved.    Powered by Koha